Bollywood Actors / Actresses by Picture - #4 - Statistics

General Stats
  • This quiz has been taken 532 times
  • The average score is 12 of 16
Answer Stats
Picture Answer % Correct
Deepika Padukone
99%
Sushmita Sen
88%
Sanjay Dutt
87%
Sushant Singh Rajput
87%
Jacqueline Fernandez
82%
Govinda
81%
Emraan Hashmi
78%
Farhan Akhtar
78%
Raj Kapoor
76%
Bipasha Basu
74%
Taapsee Pannu
74%
Akshaye Khanna
72%
Nawazuddin Siddiqui
66%
Urmila Matondkar
52%
Nargis Dutt
48%
Mumtaz
20%
No matching quizzes found
Score Distribution
Percent of People with Each Score
Percentile by Number Answered
Your Score History
You have not taken this quiz